| 000 | 00884nam a2200229 4500 | ||
|---|---|---|---|
| 001 | 77039 | ||
| 003 | BD-RjUL | ||
| 005 | 20211209082923.0 | ||
| 008 | 200217r19841976us a|||||mb|| 00| 0 eng d | ||
| 035 | _a(BD-RjUL)77263 | ||
| 040 |
_aBD-RjUL _beng _cBD-RjUL _dBD-RjUL |
||
| 041 | _aeng | ||
| 082 |
_223 _a658.84 _bCAO 1984 |
||
| 100 | 1 |
_aCavusgil, Salih Tamer _91792 |
|
| 245 | 1 | 0 |
_aOrganizational determinants of firms' export behavior : _ban empirical analysis / _cby Salih Tamer Cavusgil |
| 260 |
_aMichigan: _bUniversity Microfilms International, _c1976 [Printed 1984] |
||
| 300 |
_aviii, 195 leaves : _bIll. ; _c20 cm. |
||
| 500 | _a"Originally Presented as the author's Thesis" Thesis (Ph. D.) -- Business, University of Wisconsin--Madison, 1976 | ||
| 650 |
_aExport marketing. _9239482 |
||
| 650 |
_aDomestic international sales corporations. _9239483 |
||
| 942 |
_2ddc _cRAR |
||
| 999 |
_c77039 _d77039 |
||